000 00568nam a22001575i 4500
001 166793
003 ES-MaACL
005 20230906213413.0
008 050919s1893 sp | |||||||| ||spa d
040 _aCAM
_bspa
_cCAM
100 1 _aUranga, Nemesio.
_9133451
245 1 0 _aCristianimo laico
_b: sus puntos capitales /
_cpor Nemesio Uranga.
260 _aMadrid :
_bLibrería de Fernando Fé,
_c1893 (
_fImprenta de Ricardo Fé)
300 _a112 p. ;
_c21 cm.
852 _aES-MaACL
_jT-297-F-2
_z-- Enc. hol. conservando la cub. original
_z-- Enc. en un vol. facticio
999 _c166793
_d166793